000 00548cam a22002171 4500
001 sa 67007480
003 DLC
005 20260227112416.0
008 890403s1966 xx 000 0 hino
010 _asa 67007480
035 _a(OCoLC)23564145
040 _aDLC
_cMiU
_dDLC
042 _apremarc
050 0 0 _aDS481.S48
_bS55
100 1 _aSingh, Jitendra Prasad,
_d1937-
_eed.
245 0 0 _aLālabahādura śāstrī.
260 _c[1966]
300 _a127 p.
_c19 cm.
500 _aRomanized.
600 1 0 _aShastri, Lal Bahadur,
_d1904-1966
999 _c76626
_d76626